Les pays qui ont l'arme nucléaire - Statistiques

Statistiques générales
  • Ce quiz a été pris 231 fois
  • Le résultat moyen est 8 sur 9
Statistiques - réponses
Ogives nucléaires Pays % Correct
6 255 Russie
99%
5 800 Etats-Unis
98%
290 France
98%
350 Chine
95%
255 Royaume-Uni
88%
40-50 Corée du nord
80%
156 Inde
80%
165 Pakistan
70%
90 Israël
69%
Aucun quiz correspondant
Distribution des résultats
% des personnes avec chaque résultat
Percentile par nombre de réponses
Votre historique - résultats
Vous n’avez pas pris ce quiz